Mario Kart DS Tracks - Statistics

General Stats
  • This quiz has been taken 399 times
  • The average score is 23 of 32
Answer Stats
Cup Track % Correct
Special Rainbow Road
94%
Star Mario Circuit
91%
Shell SNES Mario Circuit 1
91%
Special Bowser Castle
90%
Banana GBA Bowser Castle 2
90%
Mushroom Figure 8 Circuit
84%
Flower Waluigi Pinball
81%
Mushroom Luigi's Mansion
80%
Leaf GBA Luigi Circuit
79%
Shell GCN Luigi Circuit
79%
Mushroom Yoshi Falls
79%
Special Peach Gardens
78%
Special Wario Stadium
76%
Star Airship Fortress
74%
Flower Delfino Square
74%
Star Tick-Tock Clock
74%
Mushroom Cheep Cheep Beach
71%
Star DK Pass
71%
Shell GBA Peach Circuit
67%
Banana GCN Baby Park
65%
Flower Shroom Ridge
63%
Leaf N64 Choco Mountain
62%
Flower Desert Hills
60%
Lightning GBA Sky Garden
59%
Shell N64 Moo Moo Farm
59%
Banana SNES Donut Plains 1
59%
Lightning SNES Choco Island 2
57%
Lightning GCN Yoshi Circuit
56%
Lightning N64 Banshee Boardwalk
56%
Leaf SNES Koopa Beach 2
56%
Leaf GCN Mushroom Bridge
52%
Banana N64 Frappe Snowland
51%
No matching quizzes found
Score Distribution
Percent of People with Each Score
Percentile by Number Answered
Your Score History
You have not taken this quiz